000 00583nam a22002297a 4500
003 UA-OsUOA
001 48258
007 ta
008 20070903b un ||||| |||| 00| 0 ukr d
100 _aПашко А.
090 _a82,09
_bП22
942 _cBK
040 _aUA-OsUOA
_bukr
_cUA-OsUOA
_dUA-OsUOA
245 _aЗ поглядом у майбутнє
300 _a164 с.
955 _a2
041 _aukr
080 _a82,09
260 _aЛьвів
_bЛогос
_c2001
650 7 _a82 Література. Літературознавство
_2UDC
999 _c334357
_d334357